Представление документа в формате RUSMARC

ПолеНазваниеЗначение
  Тип записи a
  Библиографический уровень m
001 Контрольный номер 54f7b7326cff498793c6e7a5d1e18d25
005 Дата корректировки 20150318104301.7
010 Индекс ISBN __
a ISBN 978-5-9916-3577-6
d Цена 469,04
101 Язык документа 0_
a Язык текста rus
102 Страна публикации __
a Страна публикации RU
200 Заглавие и сведения об ответственности 1_
a Заглавие Корпоративная социальная ответственность
b Общее обозначение материала Текст
e Сведения, относящиеся к заглавию учебник для бакалавров
f Первые сведения об ответственности Э. М. Коротков, О. Н. Александрова, С. А. Антонов [и др.]; под ред. Э. М. Короткова
210 Выходные данные 1_
a Место издания М
c Издательство Издательство Юрайт
d Дата издания 2014
215 Физическое описание __
a Объем 445с.
225 Серия 2_
a Серия Бакалавр. Базовый курс
610 Ключевые слова 0_
a Ключевые слова Менеджмент
a Ключевые слова Ответственность менеджмента
a Ключевые слова источники ответственности
a Ключевые слова типология ответственности
a Ключевые слова корпоративная социальная ответственность
a Ключевые слова внутренняя корпоративная социальная ответственность
a Ключевые слова внешняя корпоративная социальная ответственность
686 Индексы других классификаций __
a Классификационный индекс 65.050(М)
a Классификационный индекс 65.29
801 Источник записи _0
a Страна RU
b Организация РУК
g Правила каталогизации PSBO
801 Источник записи _1
a Страна RU
b Организация РУК
g Правила каталогизации PSBO
852 Данные о местонахождении __
i Авторский знак К68
j Шифр хранения 65.050(М)
b Сигла хранения ЧЗ_1
t Номер экземпляра 10
p Инвентарный номер 150323
p Инвентарный номер 150324
p Инвентарный номер 150325
p Инвентарный номер 150326
p Инвентарный номер 150327
p Инвентарный номер 1800025
p Инвентарный номер 1800026
p Инвентарный номер 1800027
p Инвентарный номер 1800028
p Инвентарный номер 1800029
901 Тип документа __
t Тип документа m
937 Технологическая информация __
a Создатель записи (имя) Носкова
938 Служебная информация __
a Название организации Саранский филиал
938 Служебная информация __
a Название организации Саранский филиал
952 Тип литературы __
b Гриф литературы для ВШ гриф УМО
c Вид литературы учебник